Maantiedettä kirjaimittain - Z - Statistics

Yleistilastot
  • Tätä visaa on pelattu 941 kertaa
  • Keskiarvotulos 6 / 14
Vastaustilastot
Vihje Vastaus % Oikein
Ainoa kirjaimella Z alkava valtio Zimbabwe
95%
Kroatian pääkaupunki Zagreb
89%
Sveitsin suurin kaupunki Zürich
84%
Kongon demokraattisen tasavallan entinen nimi Zaire
67%
Puolan valuutta Złoty
67%
Alankomaiden provinssi, josta Uusi-Seelanti on saanut nimensä Zeeland
55%
Etelä-Afrikan suurin etninen ryhmä Zulut
55%
Aragonin alueen pääkaupunki Espanjassa Zaragoza
35%
Kolmikirjaiminen kaupunki, kantoni ja järvi Sveitsissä Zug
30%
Muinainen persialainen uskonto, jota harjoittaa yhä noin 100 000 ihmistä Zarathustralaisuus
19%
Saksan korkein vuori Zugspitze
16%
Talviurheilukeskus, josta näkee Matterhornin Zermatt
14%
Kroatian viidenneksi suurin kaupunki Zadar
11%
Itä-Turkista Iraniin yltävä vuoristo Zagrosvuoret
9%
Ehtoja vastaavia visoja ei löytynyt
Tulosjakauma
Jokaisen tuloksen saaneiden osuus
Persentiili vastausten määrän mukaan
Tuloshistoriasi
Et ole pelannut tätä visaa